Music Quiz

Random Music or Rock Quiz
Score 0/11 Timer 02:00
0 Plays Today
The Balcony % Correct
Homesick
92.7%
Kathleen
91.1%
Cocoon
88.3%
Pacifier
78.5%
Fallout
75.7%
Hourglass
75.7%
Tyrants
75.5%
Rango
71.4%
26
70.9%
Business
69.1%
Sidewinder
68.4%
Come Together.
Have Fun.
All Virtual.
We all need to come together. Play Sporcle's virtual live trivia to have fun, connect with people, and get your trivia on. Join a live hosted trivia game for your favorite pub trivia experience done virtually. If a virtual private party is more your thing, go here for details.

You're not logged in!

Compare scores with friends on all Sporcle quizzes.
OR
Log In

Sporcle TV

Today on Sporcle TV


Watch our educational content, quiz creation guides, and fun videos on Sporcle TV.

Show Comments

Extras

Created Jan 20, 2016ReportNominate
Tags:Rock Quiz, indie

Top Quizzes Today


Score Distribution

Paid Content

Your Account Isn't Verified!

In order to create a playlist on Sporcle, you need to verify the email address you used during registration. Go to your Sporcle Settings to finish the process.

Report this User

Report this user for behavior that violates our Community Guidelines.

Details: